Tiếng Anh kỹ thuật English for engineering T.1 = V.1.
সংরক্ষণ করুন:
| বিন্যাস: | গ্রন্থ |
|---|---|
| ভাষা: | English Vietnamese |
| প্রকাশিত: |
Tp.HCM :
Giao thông vận tải,
2002.
|
| বিষয়গুলি: | |
| ট্যাগগুলো: |
ট্যাগ যুক্ত করুন
কোনো ট্যাগ নেই, প্রথমজন হিসাবে ট্যাগ করুন!
|
| Thư viện lưu trữ: | Mạng thư viện Đại học Đà Nẵng |
|---|
| LEADER | 01084nam a2200337 a 4500 | ||
|---|---|---|---|
| 001 | 000041412 | ||
| 003 | 15802 | ||
| 005 | 20201030145730.0 | ||
| 008 | 171030s2002 | ||
| 020 | |c 25000 | ||
| 040 | |a lnn |c lnn |d lnn | ||
| 041 | 0 | |a eng |a vie | |
| 082 | 1 | 4 | |a 428 |b Ti-A |
| 245 | 0 | 0 | |a Tiếng Anh kỹ thuật |n T.1 = |b English for engineering |n V.1. |
| 246 | 0 | 1 | |a English for engineering. |n V.1. |
| 260 | |a Tp.HCM : |b Giao thông vận tải, |c 2002. | ||
| 300 | |a 120tr. : |b ill. ; |c 27cm. | ||
| 630 | 0 | 4 | |a Anh ngữ. |
| 630 | 0 | 4 | |a English language. |
| 650 | 0 | 4 | |a Anh ngữ |x Kỹ thuật. |
| 650 | 0 | 4 | |a English language. |
| OWN | |a LNN | ||
| 902 | |a TKA | ||
| AVA | |a UDN50 |b LNN |c English |d 428 Ti-A |e available |t Error 5001 Not defined in file expand_doc_bib_avail. |f 1 |g 0 |h N |i 0 |j AN |k 1 | ||
| 999 | |a From the UDN01 | ||
| AVA | |a UDN50 |b LNN |c English |d 428 Ti-A |e available |t Error 5001 Not defined in file expand_doc_bib_avail. |f 1 |g 0 |h N |i 0 |j AN |k 1 | ||
| TYP | |a Monograph | ||
| TYP | |a Printed language | ||
| 980 | |a Mạng thư viện Đại học Đà Nẵng | ||